00587nam a2200169Ia 4500008004100000041000800041082001700049100002600066245004100092260002200133300000800155365001600163700002600179906002900205999001900234952016400253230718s9999 xx 000 0 und d aeng a005.678bKRI aKrishna S.J. (Editor) aWeb Services bIndustry Applications c2005bICFAI Books a174 cRs.b350.00 aKrishna S.J. (Editor) d12/4/06/IPRESS/2006 cIT c313551d313551 00104073aCCEPbCCEPd2006-04-28eICFAI BranchfITg350.00i12/4/06/IPRESS/2006 o005.678pCCEP-BK-24758r2023-07-18 00:00:00v350.00w2006-04-12yBKz024758